32 meilleurs maestros de N'oubliez pas les paroles (NOPLP) par images - Statistiques

Statistiques générales
  • Ce quiz a été pris 56 fois
    2 depuis la dernière actualisation
  • Le résultat moyen est 12 sur 32
Statistiques - réponses
Par images Hint Réponse % Correct
1 Benoît
100%
2 Margaux
100%
29 Alessandra
50%
31 Arsène
50%
5 Caroline
50%
16 Caroline
50%
19 Coline
50%
27 Coralie
50%
12 Hervé
50%
9 Jennifer
50%
6 Kevin
50%
14 Kristofer
50%
4 Laurens
50%
13 Louis
50%
20 Manon
50%
17 Maureen
50%
30 Micka
50%
28 Morgiane
50%
8 Renaud
50%
3 Sandy
50%
32 Valérie
50%
24 Violaine
50%
11 Charlotte
0%
21 Etienne
0%
26 Geoffrey
0%
15 Jérémy
0%
23 Karine
0%
7 Manon
0%
18 Morgane
0%
10 Natacha
0%
22 Natasha
0%
25 Virginie
0%
Aucun quiz correspondant
Distribution des résultats
% des personnes avec chaque résultat
Percentile par nombre de réponses
Votre historique - résultats
Vous n’avez pas pris ce quiz depuis la dernière actualisation